000 00453pam a2200169 a 4500
020 _a8180612139
_c300
041 _aasm
_hasm
082 _a618.2/DEK
_bDEK
100 _aDEKA , D .
245 _aCONGENITAL INSTRAUTERINE TORCH INFECTIONS /
_cNULL.
_hTextual Documents
260 _aNULL :
_bJAYPEE BROTHERS MEDICAL PUB. ,
_c2004.
300 _a297 :
_bXV ;
_cA4 .
365 _a300
930 _a1664
999 _c796200
_d796200
650 _aOBST.GYNE